[Event "74th Tata Steel Chess Tournament"]
[Site "Wijk aan Zee/The Netherlands"]
[Date "2012.01.27"]
[Round "11"]
[White "Aronian, Levon"]
[Black "Navara, David"]
[Result "0-1"]
[WhiteElo "2805"]
[BlackElo "2712"]
[Annotator "Jan Wendt"]
[PlyCount "120"]
[EventDate "2012.??.??"]

1. Nf3 Nf6 2. c4 g6 3. Nc3 d5 4. cxd5 Nxd5 5. Qb3 Nb6 6. d4 Bg7 7. e4 Bg4 8. Bb5+ c6 9. Ng5 O-O 10. Be2 Bxe2 (10... Bc8 11. h4 c5 12. dxc5 N6d7 13.
Be3 Qa5 14. Qc4 b5 15. Qb3 Na6 16. O-O h6 17. Nf3 b4 18. Qa4 Qxa4 19. Nxa4 Bb7
20. Rac1 Rac8 21. Rfd1 Nab8 22. Nd2 Rc7 23. Bf4 Rcc8 24. Bb5 Rfd8 25. b3 Nc6
26. Nf3 Nf6 27. Rxd8+ Rxd8 28. Ne5 Nxe5 29. Bxe5 Nxe4 30. Bxg7 Kxg7 31. c6 Bc8
32. Re1 Rd4 33. Be2 Rd6 34. Bc4 Nd2 35. Rxe7 Nxc4 36. bxc4 Rxc6 37. Rxa7 Rxc4
38. Nb6 Rc1+ 39. Kh2 Be6 40. f3 Rc2 41. Ra4 Rb2 42. Kg3 Bxa2 43. Ra5 Be6 44.
Rb5 b3 45. Na4 Bd7 46. Nxb2 Bxb5 47. Kf4 Kf6 48. g3 Ke6 49. Ke4 Bc6+ 50. Ke3
Kd6 51. f4 Kc5 52. g4 Kb4 53. Kd4 Bb5 {
0-1 M. Illescas Cordoba (2591)-P. Negi Sestao 2010}) 11. Nxe2 
Na6 $1 {Falls wieder einmal jemand rumheult, das das klassische Schach den
Remistod stirbt: Neuland nach 11. guten Zügen. Ausgeglichen? Ja, vielleicht,
aber Spiel ohne Ende. Ein Blick auf die Ergebnisse dieser Runde macht gute
Laune: Außer der Punkteteilung bei (guess who ;-) Nakamura versus Kamsky nur
entschiedene Partien noch dazu mit hohem Unterhaltungswert. Allein die
Schlusstellung aus Caruana-Giri treibt, zumindest mir, ein breites Grinsen ins
Gesicht. Noch ein Ratespiel: Wie heißt der dritte Titel aus Pearl Jams
Debütalbum "Ten"?} (11... N8d7 $6 {ist das, was Garri Kasparow einen
"Halbzug" nennt: Ein Entwicklungszug mit einem kleingeschriebenen
"natürlich" davor, aber viel zu indifferent, um nicht bestraft zu werden.} 12.
Qh3 h6 13. Nf3 h5 14. e5 c5 $6 (14... e6 $142) 15. e6 cxd4 16. exf7+ Rxf7 17.
Ng5 Rf5 18. g4 Rxg5 19. Bxg5 Ne5 20. Nf4 Nbc4 21. gxh5 Qa5+ 22. Kf1 Nd2+ 23.
Kg2 Nf7 24. Bxe7 g5 25. Qg4 Re8 26. Rhe1 Rxe7 27. Rxe7 Nh6 28. Qe6+ {
1-0 S. Gordon (2535)- B. Bok (2488) 2011}) 12. Be3 Qd6 13. O-O Qb4 14. Qxb4 (14. Qc2 $5) 14... Nxb4 {Navara sollte hier zumindest keine
Probleme haben. Ohne die Damen lässt sich aus der Zentrumsmajorität nur schwer
ein erfolgsträchtiger Angriff entwickeln. Das weiße Mittelbauernpaar wirkt
oberflächlich betrachtet etwas weich. } 15. Rfc1 e5 16. Nf3 exd4 17. Bxd4 Rfe8 18. Bxg7 Kxg7 19. Ng3 Rad8 20. Ne1 Rd2 21. a3 Nd3 22. Nxd3 Rxd3 $17 {
Unser Mann steht hier schon kritisch. Die schwarzen Türme sind deutlich
aktiver und Weiß hat Bauernschwächen im Zentrum und vor allem am Damenflügel.} 23. Rab1 $6 (23. f3 $5 Re5 24. b4) 23... Re5
$1 24. Rd1 $5 (24. f3 Rb5 25. Ne2 Na4 {
kostet  Material}) 24... Rxd1+ 25. Rxd1 Rb5 26. b4 Nc4 27. Rd3 a5 28. bxa5 Rxa5 29. f4 Rxa3 30. Rd7 b5 31. e5 b4 
32. e6 b3 33. Rxf7+ $5 (33.
e7 b2 34. e8=Q b1=Q+ 35. Nf1 Qf5 {ist auf Dauer auch schwierig}) 33... Kh6 34. Rb7 b2 35. Kf2 Ra7 36. Rb8 Ra8 37. Rb7 Ra2 38. Ne2 Nd6 39. e7 Nxb7 40. e8=Q {Wer hätte gedacht, dass der weiße E-Bauer noch so
eine Karriere macht? Leider bleibt der Desperado wieder einmal allein. Ist
halt doch ein Mannschaftssport. Übrigens ist diese Partie ein wirklich starker
Vortrag von Navara, der hier vor der Zeitkontrolle genau gerechnet haben muss.
Um gegen den Studienfan Aronjan mit dem nackten König und der Dame im Rücken
in Richtung der weissen Königsflügelbauern zu laufen, bedarf es nicht nur
guter Nerven...} b1=Q 41. Qf8+ Kh5 42. Qe7 (42. g4+ Kxg4 43. h3+ Kh5 $1 $19)
42... Qb6+ 43. Kf3 Qb3+ 44.
Kf2 Rxe2+ 45. Qxe2+ Kh6 46. g4 Nd8 47. Qe7 Ne6 48. Qh4+ Kg7 49. Qe7+ Kg8 50. Qe8+ Nf8 51. Qxc6 Qe6 52. Qf3 Nd7 53. h3 Kf7 54. Qc3 Qd5 55. Kg3 Nc5 56. Kh4 h6 57. Qh8 g5+ 58. fxg5 hxg5+ 59. Kh5 Qe4 60. Kxg5 Ne6+ {Mattnetz. 
Gute Partie von Navara, der nach einer Verstärkung in der Eröffnung, trotz
erfindungsreicher Gegenwehr, die Initative weiter ausbaute und dann verwerten
konnte. Das wird ein spannendes Finish! Aronjan führt noch einen halben Punkt
vor Carlsen. Gibt es irgendeinen verückten Enthusiasten, der einen alternativen
WM-Kampf sponsorn will? Mir fallen da zwei Kandidaten ein... }
0-1

[Event "Tata Steel Chess A Wijk aan Zee"]
[Site "Wijk aan Zee, NED"]
[Date "2012.01.28"]
[Round "12"]
[White "Boris Gelfand"]
[Black "Levon Aronian"]
[Result "0-1"]
[WhiteElo "2739"]
[BlackElo "2805"]
[Annotator "Dennes Abel"]
[PlyCount "106"]
[EventDate "2012.??.??"]
[SourceDate "2012.01.28"]

1. d4 d5 2. c4 e6 3. Nc3 Be7 4. Bf4 Nf6 {Ja, so spielte man schon früher und
so spielt man auch heute noch, wer hätte das gedacht!?} 5. e3 O-O 6. a3 $5 {
Zumindest umfährt dieser Zug die ausgetretenen Theoriepfade, in denen sich
Levon bisher bestenspräsentierte!} Nbd7 7. Nb5 {Greift zumindest etwas an!} Ne8
8. Nf3 c6 9. Nc3 f5 {
Levon entscheidet sich für eine Art Stonewall-Aufbau. Eine kleine Kampfansage?}
(9... Nef6 10. c5 $5 b6 11. b4) 10. h3 Nd6 11. cxd5 exd5 12. Bd3 Nf6 13. Ne5
Nfe4 14. O-O Nf7 15. Qc2 Bd6 {Muss der Schwarze nicht fürchten, mit dem
"schlechten" Läufer gegen den guten Springer übrig zu bleiben? Immerhin stehen
die restlichen Figuren auf Abtausch.} 16. Bh2 Nxe5 17. Bxe5 Bxe5 18. dxe5 a5
19. Na4 b5 $6 {Riskant gespielt und bei bestem Spiel nicht korrekt, aber in
der Praxis ist es auch für einen Gelfand nicht immer ersichtlich, ob der
schwarze Angriff gefährlich ist oder nicht.} 20. Nc5 $2 {Wer demnächst um die
Weltmeisterkrone kämpfen will, muss in solchen Situationen die Herausforderung
annehmen! Ein Anand hätte zumindest länger an Dxc6 gerechnet, als dies Gelfand
tat.} (20. Qxc6 Ra6 $1 {Die Idee hinter 19. ... b5} 21. Qxb5 Rg6 22. f4 Ba6 23.
Qb3 Nd2 24. Qc2 Nxf1 25. Rxf1 $16 {Und Schwarz erhält eine strategische Ruine.}
) 20... Qe7 21. Rac1 Qxe5 22. f4 Qd6 23. Bxe4 fxe4 {
Die Stellung ist im Gleichgewicht.} 24. Nb3 Bd7 25. Qc5 Qg6 26. Kh2 h5 27. Nd4
Rac8 28. b4 axb4 29. axb4 h4 {Eine gewisse Pattsituation! Sobald eine Partei
seinen sicheren Hafen verlässt, bekommt sein Gegenüber Möglichkeiten zum
Kontern!} 30. Ne2 Rf6 31. Ra1 Rcf8 32. Qe7 R8f7 33. Qd8+ Kh7 34. Rg1 Qh6 (34...
d4 $5 35. g4 {Einziger Zug!} (35. Nxd4 Qg3+ 36. Kh1 Qxe3) (35. exd4 Be6 $1 {
dies werden die Kontrahenten wohl übersehen haben! Der Läufer kommt nach c4
und hebelt den Springer aus und damit gleichzeitig die weißeStellung!}) 35...
dxe3 $13) 35. Ra7 Rf8 36. Qc7 (36. Qxd7 R8f7 37. Qxf7 Rxf7 38. Rxf7 Qh5 39.
Rxg7+ Kxg7 $11 {Sollte an der Gesamtbetrachtung nichts ändern.}) 36... R6f7 37.
Qe5 Re8 38. Qc3 g5 39. Rf1 Qd6 40. Kg1 Ref8 41. Qc5 Qh6 42. f5 Kg8 43. f6 {
Auf Gewinn gespielt, geht jedoch völlig nach hinten los.} g4 {
Jetzt geht die Partie richtig los.} 44. hxg4 $4 h3 {Retour} (44... Bxg4 45.
Rxf7 Rxf7 46. Nf4 Qxf6 {Und zwei Mehrbauern sind doch zu viel.}) 45. Nf4 hxg2
46. Kxg2 $4 {Zweimal Levon die Hand hinzuhalten ist einmal zu viel.} Qxf6 47.
Kg3 Rh7 48. g5 Qxg5+ 49. Kf2 Rxf4+ 50. exf4 Rh2+ 51. Ke3 Qg3+ 52. Kd4 Qg7+ 53.
Ke3 Rh3+ 0-1